[Event "Campeonato de España por Equip"]
[Site "Burguillos"]
[Date "2009.08.06"]
[Round "3"]
[White "Garrido Dominguez, Jesus"]
[Black "Campora, Daniel H"]
[Result "1/2-1/2"]
[WhiteElo "2333"]
[BlackElo "2492"]
[PlyCount "44"]
[EventDate "2009.08.05"]
[EventType "team"]
[EventRounds "6"]
[EventCountry "ESP"]
[WhiteTeam "C.A. CIRCULO MERCANTIL"]
[BlackTeam "C.A. LAURUS RONDA"]

1. e4 e5 2. Nf3 Nc6 3. Bb5 Nf6 4. O-O d6 5. Nc3 Bd7 6. d4 exd4 7. Nxd4 Be7 8.
Bxc6 bxc6 9. Qf3 O-O 10. Nf5 Bxf5 11. Qxf5 Nd7 12. f4 g6 13. Qh3 f5 14. Bd2 Nb6
15. b3 Qd7 16. Rae1 Rae8 17. exf5 Qxf5 18. Qxf5 gxf5 19. Re2 Bh4 20. g3 Rxe2
21. Nxe2 Bf6 22. Bc3 Re8 1/2-1/2

[Event "Campeonato de España por Equip"]
[Site "Burguillos"]
[Date "2009.08.06"]
[Round "3"]
[White "Naranjo Moreno, Antonio"]
[Black "Reales Murto, Manuel Jose"]
[Result "0-1"]
[WhiteElo "2244"]
[BlackElo "2303"]
[PlyCount "146"]
[EventDate "2009.08.05"]
[EventType "team"]
[EventRounds "6"]
[EventCountry "ESP"]
[WhiteTeam "C.A. LAURUS RONDA"]
[BlackTeam "C.A. CIRCULO MERCANTIL"]

1. e4 e6 2. d4 d5 3. Nc3 Bb4 4. e5 c5 5. a3 Bxc3+ 6. bxc3 Qa5 7. Bd2 Qa4 8. Qb1
c4 9. Nh3 Nc6 10. g3 Bd7 11. Bg2 O-O-O 12. O-O Kb8 13. Ng5 Rf8 14. f4 Nge7 15.
Qd1 h6 16. Nf3 Qa5 17. h3 Nd8 18. Qe1 Ba4 19. Ra2 Qb5 20. Nh4 g6 21. g4 Qd7 22.
f5 g5 23. f6 Ng6 24. Nf3 Rfg8 25. h4 gxh4 26. Nxh4 Qe8 27. Rf3 Nf8 28. Rg3 Ng6
29. Rf3 a6 30. Qf2 Qb5 31. Nxg6 Rxg6 32. Ra1 Rxg4 33. Rg3 h5 34. Rc1 Qb2 35.
Bf3 Rxg3+ 36. Qxg3 Qxa3 37. Qg7 Qf8 38. Qxf8 Rxf8 39. Bxh5 Rh8 40. Bf3 Kc7 41.
Kf2 Kc6 42. Ke3 Rh2 43. Rg1 Bxc2 44. Rg8 Kd7 45. Bc1 b6 46. Ba3 Bg6 47. Be2 a5
48. Be7 Nc6 49. Bd6 Rh7 50. Kf4 b5 51. Kg5 b4 52. Rxg6 fxg6 53. Kxg6 Rh2 54.
Bd1 Rg2+ 55. Kh7 Rf2 56. Kg7 bxc3 57. f7 Nxd4 58. Ba4+ Nc6 59. f8=Q Rxf8 60.
Kxf8 d4 61. Bc5 d3 62. Be3 c2 63. Kf7 c3 64. Kf6 Kc7 65. Bxc2 dxc2 66. Kxe6 a4
67. Bc1 Nd4+ 68. Kf7 Kc6 69. e6 Nxe6 70. Kxe6 Kc5 71. Ke5 Kc4 72. Ke4 Kb4 73.
Kd3 Kb3 0-1

[Event "Campeonato de España por Equip"]
[Site "Burguillos"]
[Date "2009.08.06"]
[Round "3"]
[White "Herrera Delgado, Alejandro"]
[Black "Lopez Gonzalez, Daniel"]
[Result "1-0"]
[WhiteElo "2297"]
[BlackElo "2195"]
[PlyCount "65"]
[EventDate "2009.08.05"]
[EventType "team"]
[EventRounds "6"]
[EventCountry "ESP"]
[WhiteTeam "C.A. CIRCULO MERCANTIL"]
[BlackTeam "C.A. LAURUS RONDA"]

1. e4 c5 2. Nc3 Nc6 3. Nge2 e6 4. d4 cxd4 5. Nxd4 Qc7 6. Be2 a6 7. O-O b5 8.
Re1 Bb7 9. Nxc6 dxc6 10. e5 Ne7 11. Bd3 Ng6 12. Qh5 O-O-O 13. Bxg6 fxg6 14. Qg4
Qf7 15. Bg5 Re8 16. Rad1 Qf5 17. Qd4 Qf7 18. Ne4 h6 19. Bd2 c5 20. Nxc5 Bxc5
21. Qxc5+ Qc7 22. Qxc7+ Kxc7 23. Ba5+ Kc8 24. Rd6 Rhf8 25. Red1 g5 26. Rd7 Bd5
27. Rxg7 Rf4 28. Rd3 Rg4 29. f3 Ra4 30. Rc3+ Kb8 31. Bc7+ Ka8 32. b3 Rxa2 33.
Bd6 1-0

[Event "Campeonato de España por Equip"]
[Site "Burguillos"]
[Date "2009.08.06"]
[Round "3"]
[White "Moreno Ruiz, Javier"]
[Black "Carlsson, Pontus"]
[Result "1-0"]
[WhiteElo "2418"]
[BlackElo "2494"]
[PlyCount "79"]
[EventDate "2009.08.05"]
[EventType "team"]
[EventRounds "6"]
[EventCountry "ESP"]
[WhiteTeam "C.A. MÓSTOLES"]
[BlackTeam "C.D.E. ALMAGRO"]

1. c4 e5 2. g3 Nf6 3. Bg2 h6 4. a3 c6 5. d4 exd4 6. Qxd4 d5 7. cxd5 cxd5 8. Nf3
Nc6 9. Qd3 Bc5 10. O-O O-O 11. b4 Bb6 12. Nc3 d4 13. Na4 Qd5 14. Nxb6 axb6 15.
Bb2 Rd8 16. Nxd4 Qh5 17. Rad1 Ne5 18. Qb3 Bh3 19. f3 Bxg2 20. Kxg2 Rd7 21. g4
Qg6 22. Nf5 Re8 23. Ng3 Rxd1 24. Rxd1 h5 25. Bxe5 Rxe5 26. Rd8+ Kh7 27. Qc3 Rd5
28. Rxd5 Nxd5 29. Qe5 Qe6 30. Qxe6 fxe6 31. Nxh5 Ne3+ 32. Kf2 Nc2 33. Nf4 e5
34. Nd3 e4 35. fxe4 Nxa3 36. Ke3 Kg6 37. h4 Nc2+ 38. Kf4 Kf7 39. Ke5 Ne3 40.
Kd6 1-0

[Event "Campeonato de España por Equip"]
[Site "Burguillos"]
[Date "2009.08.06"]
[Round "3"]
[White "Espinosa Aranda, Angel"]
[Black "De La Fuente Gonzalez, Francisc"]
[Result "1-0"]
[WhiteElo "2350"]
[BlackElo "2230"]
[PlyCount "83"]
[EventDate "2009.08.05"]
[EventType "team"]
[EventRounds "6"]
[EventCountry "ESP"]
[WhiteTeam "C.D.E. ALMAGRO"]
[BlackTeam "C.A. MÓSTOLES"]

1. e4 e5 2. Nf3 Nf6 3. Nxe5 d6 4. Nf3 Nxe4 5. d4 d5 6. Bd3 Nc6 7. O-O Be7 8. c4
Nb4 9. cxd5 Nxd3 10. Qxd3 Qxd5 11. Re1 Bf5 12. Nc3 Nxc3 13. Qxc3 Be6 14. Re5
Qc6 15. Qa5 Rd8 16. Bf4 O-O 17. Rc1 Qb6 18. Rb5 Qxa5 19. Rxa5 Bd6 20. Bxd6 cxd6
21. d5 Rc8 22. Rd1 b6 23. Rxa7 Bxd5 24. Ra6 Rfd8 25. h3 Bxf3 26. gxf3 Rc6 27.
Rd5 g6 28. Rb5 d5 29. Raxb6 Rcc8 30. Rb3 d4 31. Rd3 Rc2 32. a4 Re8 33. a5 Re5
34. a6 Rc1+ 35. Kh2 Ra1 36. Rxd4 Rea5 37. Rdd6 h5 38. f4 h4 39. Kg2 Kg7 40. Kf3
Rh1 41. Rd7 Rxh3+ 42. Kg2 1-0

[Event "Campeonato de España por Equip"]
[Site "Burguillos"]
[Date "2009.08.06"]
[Round "3"]
[White "Ivanovitch Balsinde, Nicolas"]
[Black "Garcia Moral Garcia, Jose Danie"]
[Result "0-1"]
[WhiteElo "2196"]
[BlackElo "2326"]
[PlyCount "102"]
[EventDate "2009.08.05"]
[EventType "team"]
[EventRounds "6"]
[EventCountry "ESP"]
[WhiteTeam "C.A. MÓSTOLES"]
[BlackTeam "C.D.E. ALMAGRO"]

1. e4 c5 2. c3 d5 3. exd5 Qxd5 4. d4 Nc6 5. Nf3 Bg4 6. Be2 e6 7. c4 Qf5 8. d5
exd5 9. cxd5 Bxf3 10. Bxf3 Nd4 11. O-O Nxf3+ 12. Qxf3 Qxf3 13. gxf3 O-O-O 14.
Nc3 Ne7 15. Rd1 Nf5 16. Be3 b6 17. Rac1 Kb7 18. a4 Bd6 19. Ne4 Rhe8 20. a5 Nh4
21. Nxd6+ Rxd6 22. b4 cxb4 23. Rc4 Nxf3+ 24. Kg2 Ne5 25. Rxb4 Rg6+ 26. Kh3 Nd7
27. d6 Re5 28. Rc1 Rh5+ 29. Rh4 Rxh4+ 30. Kxh4 Rxd6 31. Bf4 Rd5 32. axb6 axb6
33. Rc7+ Ka6 34. Rc8 g6 35. Re8 Rf5 36. Be3 Nf6 37. Rd8 Nd5 38. Re8 Nxe3 39.
fxe3 b5 40. e4 Rf1 41. Kg5 h5 42. Rf8 b4 43. Kh6 Kb5 44. Kg7 b3 45. e5 Rf5 46.
Rxf7 Rxf7+ 47. Kxf7 b2 48. e6 b1=Q 49. e7 Qf5+ 50. Kg7 Qe6 51. Kf8 Qf6+ 0-1

[Event "Campeonato de España por Equip"]
[Site "Burguillos"]
[Date "2009.08.06"]
[Round "3"]
[White "Ramirez Diaz, Jose Ramon"]
[Black "Arauz Alonso, Fernando"]
[Result "1-0"]
[WhiteElo "2156"]
[BlackElo "2155"]
[PlyCount "127"]
[EventDate "2009.08.05"]
[EventType "team"]
[EventRounds "6"]
[EventCountry "ESP"]
[WhiteTeam "C.D.E. ALMAGRO"]
[BlackTeam "C.A. MÓSTOLES"]

1. e4 c6 2. c4 d5 3. exd5 cxd5 4. cxd5 Nf6 5. Nc3 Nxd5 6. Nf3 e6 7. Bc4 Be7 8.
d4 Nc6 9. O-O O-O 10. Re1 b6 11. Nxd5 exd5 12. Bb5 Bb7 13. Bf4 Rc8 14. Rc1 Bf6
15. Qa4 Na5 16. Be5 Bxe5 17. Nxe5 Qg5 18. Rxc8 Bxc8 19. b4 Bh3 20. Bf1 Nc4 21.
Nxc4 dxc4 22. Qxa7 c3 23. Qa3 c2 24. Qe3 Qxe3 25. fxe3 Bf5 26. Rc1 Ra8 27. Bc4
Ra4 28. Bb3 Rxb4 29. Kf2 Be4 30. g3 Rb5 31. Ke1 g5 32. Bxc2 Bd5 33. Rb1 Ra5 34.
a4 Bc6 35. Rxb6 Bxa4 36. Kd2 Bxc2 37. Kxc2 g4 38. Kd3 Ra2 39. Rb5 h6 40. Ke4
Rxh2 41. d5 Kf8 42. Kf4 h5 43. d6 Ke8 44. e4 Kd7 45. e5 Rd2 46. Rb7+ Kd8 47.
Kg5 Re2 48. Re7 h4 49. Kxh4 Re4 50. Kg5 Rd4 51. Rxf7 Ke8 52. Rf4 Rd3 53. Rxg4
Kf7 54. Kf5 Rf3+ 55. Ke4 Ra3 56. Rf4+ Ke6 57. Rf6+ Kd7 58. g4 Rg3 59. Rf7+ Ke8
60. Re7+ Kf8 61. Kf5 Rf3+ 62. Kg6 Rf2 63. Ra7 Ke8 64. e6 1-0

[Event "Campeonato de España por Equip"]
[Site "Burguillos"]
[Date "2009.08.06"]
[Round "3"]
[White "Valles Moreno, Ivan"]
[Black "Moreno Trujillo, Alejandro"]
[Result "1/2-1/2"]
[WhiteElo "2428"]
[BlackElo "2431"]
[PlyCount "130"]
[EventDate "2009.08.05"]
[EventType "team"]
[EventRounds "6"]
[EventCountry "ESP"]
[WhiteTeam "C.A. AMIGOS DEL RETIRO"]
[BlackTeam "C.A. 64 VILLALBA"]

1. d4 d5 2. c4 c6 3. Nf3 Nf6 4. Nc3 e6 5. g3 dxc4 6. Ne5 Nbd7 7. Nxc4 b5 8. Nd2
Bb7 9. Bg2 Qc8 10. O-O c5 11. Nf3 a6 12. Bg5 c4 13. Rc1 h6 14. Bxf6 Nxf6 15. b3
Ba3 16. Rc2 cxb3 17. axb3 Qd8 18. Ne5 Bxg2 19. Kxg2 O-O 20. e3 Rc8 21. Ne2 Rc7
22. Rxc7 Qxc7 23. Nf4 Rc8 24. Qf3 a5 25. h4 Qc2 26. g4 Qe4 27. g5 Qxf3+ 28.
Kxf3 Nd5 29. g6 f6 30. Nxd5 fxe5 31. Nb6 Rc7 32. Ra1 Bb4 33. dxe5 Kf8 34. Kg4
Ke7 35. f4 Rc6 36. Na8 Rc3 37. f5 exf5+ 38. Kxf5 Rxe3 39. Nc7 Rf3+ 40. Ke4 Rxb3
41. Rf1 Kd8 42. Nxb5 Rg3 43. h5 a4 44. Nd4 Bc3 45. Ne6+ Kc8 46. Nxg7 a3 47. Nf5
Rg4+ 48. Kf3 Rg5 49. Rc1 Rxf5+ 50. Kg4 Rxe5 51. Rxc3+ Kd7 52. Rxa3 Rg5+ 53. Kh4
Rg1 54. Rg3 Rh1+ 55. Kg4 Ke7 56. Kf4 Kf8 57. Kg4 Ra1 58. Rf3+ Kg8 59. Rf4 Ra7
60. Rd4 Kg7 61. Kf4 Rb7 62. Ke5 Rb5+ 63. Rd5 Rxd5+ 64. Kxd5 Kg8 65. Ke6 Kg7
1/2-1/2

[Event "Campeonato de España por Equip"]
[Site "Burguillos"]
[Date "2009.08.06"]
[Round "3"]
[White "Bolado Saez, Sergio"]
[Black "Perez Gonzalez, Jose Manuel"]
[Result "0-1"]
[WhiteElo "2326"]
[BlackElo "2307"]
[PlyCount "108"]
[EventDate "2009.08.05"]
[EventType "team"]
[EventRounds "6"]
[EventCountry "ESP"]
[WhiteTeam "C.A. 64 VILLALBA"]
[BlackTeam "C.A. AMIGOS DEL RETIRO"]

1. d4 Nf6 2. Nf3 g6 3. c4 c5 4. d5 b5 5. cxb5 a6 6. b6 a5 7. Nc3 Ba6 8. g3 d6
9. Bg2 Nbd7 10. O-O Bg7 11. Re1 O-O 12. h3 Nxb6 13. e4 Nfd7 14. Qc2 Nc4 15. Rd1
Nce5 16. Nxe5 Bxe5 17. Be3 Rb8 18. Rab1 Qc7 19. f4 Bg7 20. h4 Nf6 21. Bf3 Bc8
22. f5 Nd7 23. Qf2 Ba6 24. h5 Ne5 25. Kg2 Rb4 26. a3 Rb3 27. Qc2 Rfb8 28. Be2
Qb7 29. Bc1 Bxe2 30. Nxe2 gxf5 31. exf5 Nd7 32. Rd3 Be5 33. Rxb3 Qxb3 34. Qxb3
Rxb3 35. Bd2 Rxb2 36. Rxb2 Bxb2 37. a4 Nb6 38. Bxa5 Nxa4 39. Kf3 Bf6 40. Bd2 c4
41. g4 c3 42. Be3 Nb2 43. g5 Be5 44. Bd4 Bxd4 45. Nxd4 Nd3 46. Ke3 Nb4 47. Ne2
Nxd5+ 48. Kd4 e6 49. fxe6 fxe6 50. Nxc3 Nxc3 51. Kxc3 Kf7 52. Kd3 e5 53. Ke3
Ke6 54. Kf3 Kf5 0-1

[Event "Campeonato de España por Equip"]
[Site "Burguillos"]
[Date "2009.08.06"]
[Round "3"]
[White "Fernandez Garcia, Miguel Angel"]
[Black "Inigo Munoz, Javier"]
[Result "1-0"]
[WhiteElo "2269"]
[BlackElo "2155"]
[PlyCount "111"]
[EventDate "2009.08.05"]
[EventType "team"]
[EventRounds "6"]
[EventCountry "ESP"]
[WhiteTeam "C.A. AMIGOS DEL RETIRO"]
[BlackTeam "C.A. 64 VILLALBA"]

1. d4 d5 2. c4 e6 3. Nf3 c6 4. Qc2 f5 5. g3 Nf6 6. Bg2 Bd6 7. O-O O-O 8. b3 Qe7
9. Bb2 Nbd7 10. Nbd2 b6 11. e3 Bb7 12. Rac1 Rac8 13. Rfd1 Rfd8 14. Qb1 Ne4 15.
Ne5 Bb4 16. Ndf3 Ndf6 17. Nd3 Bd6 18. Nfe5 c5 19. dxc5 bxc5 20. Qc2 a5 21. Nf3
a4 22. Be5 axb3 23. axb3 dxc4 24. bxc4 Bxe5 25. Nfxe5 Nd7 26. Nf3 Ra8 27. Rb1
Bc6 28. Ra1 Qf6 29. Qb2 Qxb2 30. Nxb2 Rxa1 31. Rxa1 Rb8 32. Nd3 h6 33. Nfe5
Nxe5 34. Nxe5 Ba8 35. Nd7 Rd8 36. Bxe4 Bxe4 37. Nxc5 Bf3 38. Nxe6 Rc8 39. Nd4
Be4 40. Rc1 g6 41. c5 Kf7 42. Nb5 Ke6 43. Nd4+ Kd5 44. c6 Kd6 45. Nb5+ Ke7 46.
c7 Kd7 47. Rd1+ Ke7 48. Nd6 Rxc7 49. Nxe4 fxe4 50. Rd4 Kf6 51. Rxe4 Rc6 52. Kg2
Rb6 53. h4 h5 54. Kf3 Ra6 55. Rb4 Rc6 56. Kf4 1-0

[Event "Campeonato de España por Equip"]
[Site "Burguillos"]
[Date "2009.08.06"]
[Round "3"]
[White "Blasco De La Cruz, Luis"]
[Black "Paredes Sanchez, Juan"]
[Result "0-1"]
[WhiteElo "2045"]
[BlackElo "2217"]
[PlyCount "122"]
[EventDate "2009.08.05"]
[EventType "team"]
[EventRounds "6"]
[EventCountry "ESP"]
[WhiteTeam "C.A. 64 VILLALBA"]
[BlackTeam "C.A. AMIGOS DEL RETIRO"]

1. e4 c5 2. c4 Nc6 3. Nc3 g6 4. g3 Bg7 5. Bg2 d6 6. Nge2 e5 7. d3 Nge7 8. Be3
O-O 9. Qd2 a6 10. Bh6 Be6 11. h4 Bxh6 12. Qxh6 f6 13. Qd2 Nd4 14. f4 Nec6 15.
Nxd4 Nxd4 16. Ne2 b5 17. Nxd4 cxd4 18. b3 bxc4 19. bxc4 Rb8 20. h5 g5 21. f5
Bf7 22. Bf3 Rb6 23. g4 Qb8 24. Rh2 Qb7 25. Rc1 Rb8 26. Bd1 Qc6 27. Qa5 Rb5 28.
Qa3 Rb4 29. Qa5 h6 30. Qa3 Kg7 31. Bb3 R8b6 32. Qa5 Bg8 33. Rhc2 Bf7 34. Kd2
Qc5 35. Qxc5 dxc5 36. Ke1 a5 37. Rd2 Kf8 38. Ke2 Ke7 39. Bd1 Kd6 40. a3 Rb1 41.
Rxb1 Rxb1 42. Ra2 Rc1 43. Kd2 Rc3 44. Ba4 Bxc4 45. dxc4 Rxc4 46. Rb2 Rxa4 47.
Rb6+ Kc7 48. Rxf6 Rxa3 49. Rxh6 c4 50. f6 Ra2+ 51. Kc1 c3 52. Kb1 Rf2 53. Rh7+
Kd6 54. Ra7 Rxf6 55. Rxa5 Rf4 56. Ra6+ Kc5 57. h6 Rxg4 58. Ra5+ Kc4 59. Rxe5
Rg1+ 60. Ka2 c2 61. h7 c1=Q 0-1

[Event "Campeonato de España por Equip"]
[Site "Burguillos"]
[Date "2009.08.06"]
[Round "3"]
[White "Vega Gutierrez, Sabrina"]
[Black "Martinez Lozano, Miguel Angel"]
[Result "1-0"]
[WhiteElo "2352"]
[BlackElo "2210"]
[PlyCount "39"]
[EventDate "2009.08.05"]
[EventType "team"]
[EventRounds "6"]
[EventCountry "ESP"]
[WhiteTeam "C.A. ANAND"]
[BlackTeam "C.D.E. AJEDREZ TARAZONA"]

1. e4 c5 2. Nf3 d6 3. d4 cxd4 4. Nxd4 Nf6 5. Nc3 a6 6. Be2 e5 7. Nb3 Be7 8. O-O
Be6 9. f4 Qc7 10. g4 exf4 11. g5 Nfd7 12. Bxf4 Ne5 13. Nd4 O-O 14. Nxe6 fxe6
15. Bg4 Qc4 16. Qe2 Qc8 17. Nd5 Bd8 18. Bxe5 Rxf1+ 19. Rxf1 dxe5 20. Qf2 1-0

[Event "Campeonato de España por Equip"]
[Site "Burguillos"]
[Date "2009.08.06"]
[Round "3"]
[White "Martin Garcia, Juan Miguel"]
[Black "Vega Gutierrez, Belinda"]
[Result "1-0"]
[WhiteElo "2151"]
[BlackElo "2254"]
[PlyCount "21"]
[EventDate "2009.08.05"]
[EventType "team"]
[EventRounds "6"]
[EventCountry "ESP"]
[WhiteTeam "C.D.E. AJEDREZ TARAZONA"]
[BlackTeam "C.A. ANAND"]

1. d4 d5 2. Nf3 Nf6 3. g3 Bg4 4. Bg2 c6 5. Ne5 Bf5 6. c4 Nbd7 7. cxd5 Bxb1 8.
Nxd7 Nxd5 9. Nxf8 Bxa2 10. Rxa2 e5 11. Qb3 1-0

[Event "Campeonato de España por Equip"]
[Site "Burguillos"]
[Date "2009.08.06"]
[Round "3"]
[White "Camino Carrio, Nicanor"]
[Black "Parada Medrano, Ivan"]
[Result "0-1"]
[WhiteElo "2207"]
[BlackElo "2127"]
[PlyCount "58"]
[EventDate "2009.08.05"]
[EventType "team"]
[EventRounds "6"]
[EventCountry "ESP"]
[WhiteTeam "C.A. ANAND"]
[BlackTeam "C.D.E. AJEDREZ TARAZONA"]

1. e4 d6 2. d4 Nf6 3. Nc3 e5 4. Nf3 Nbd7 5. Bc4 Be7 6. Bb3 c6 7. g4 O-O 8. g5
Nh5 9. Be3 g6 10. Qd2 exd4 11. Qxd4 Nc5 12. Bc4 b5 13. Be2 Ng7 14. Rd1 Nge6 15.
Qd2 b4 16. Nd5 cxd5 17. exd5 Ne4 18. Qxb4 N6c5 19. h4 Re8 20. h5 Nxg5 21. Qf4
Nxf3+ 22. Qxf3 Bg5 23. hxg6 fxg6 24. Rxh7 Qf6 25. Qh1 Bxe3 26. fxe3 Rxe3 27.
Rd2 Ne4 28. Rc7 Bh3 29. Qh2 Qf1# 0-1

[Event "Campeonato de España por Equip"]
[Site "Burguillos"]
[Date "2009.08.06"]
[Round "3"]
[White "Picazo Lopez, Ignacio"]
[Black "Galvan Ruiz, Mario"]
[Result "1-0"]
[WhiteElo "1959"]
[BlackElo "2064"]
[PlyCount "71"]
[EventDate "2009.08.05"]
[EventType "team"]
[EventRounds "6"]
[EventCountry "ESP"]
[WhiteTeam "C.D.E. AJEDREZ TARAZONA"]
[BlackTeam "C.A. ANAND"]

1. d4 e6 2. Nf3 Nf6 3. Bf4 Be7 4. e3 O-O 5. Bd3 b6 6. c4 Bb7 7. Nc3 c5 8. d5 d6
9. e4 Re8 10. Kf1 Bf8 11. Qc2 e5 12. Bg5 Nbd7 13. Rg1 Qb8 14. g4 g6 15. Qd2 a6
16. a4 b5 17. axb5 axb5 18. Rxa8 Qxa8 19. Nxb5 Qa1+ 20. Ke2 Qa4 21. b3 Qb4 22.
Qxb4 cxb4 23. Ra1 Ra8 24. Rxa8 Bxa8 25. Bd2 Nc5 26. Bxb4 Nfxe4 27. Bxe4 Nxe4
28. Ke3 Nf6 29. g5 Ne8 30. Nd2 h6 31. h4 hxg5 32. hxg5 f5 33. gxf6 Bh6+ 34. Kd3
Nxf6 35. Bxd6 Bxd5 36. cxd5 1-0

[Event "Campeonato de España por Equip"]
[Site "Burguillos"]
[Date "2009.08.06"]
[Round "3"]
[White "De La Torre Suarez, Angel"]
[Black "Borrego Mata, Enrique"]
[Result "0-1"]
[WhiteElo "2101"]
[BlackElo "2168"]
[PlyCount "94"]
[EventDate "2009.08.05"]
[EventType "team"]
[EventRounds "6"]
[EventCountry "ESP"]
[WhiteTeam "C. ATENEO CACEREÑO 2016"]
[BlackTeam "C.A. CAJAGRANADA (-2)"]

1. d4 Nf6 2. c4 d6 3. Nc3 Nbd7 4. e4 e5 5. Be3 g6 6. f3 Bg7 7. Nge2 c6 8. Qd2
Qc7 9. Rc1 Nf8 10. d5 c5 11. g4 h5 12. g5 N6h7 13. h4 Qe7 14. Ng3 f6 15. b4
cxb4 16. Nb5 a6 17. Na7 fxg5 18. hxg5 Nd7 19. Bh3 Rxa7 20. Bxa7 Nxg5 21. Bxd7+
Bxd7 22. Rf1 O-O 23. Ke2 Qf6 24. Qd3 Qf4 25. Nh1 Bh3 26. Be3 Bxf1+ 27. Rxf1
Qh2+ 28. Rf2 Qh4 29. c5 dxc5 30. d6 Nf7 31. Rf1 b6 32. Qxa6 Qd8 33. Rd1 Re8 34.
d7 Re6 35. Bxc5 Rc6 36. Bxb4 Rc2+ 37. Rd2 Rc1 38. Nf2 Bh6 39. Rb2 Qxd7 40. Qxb6
Rc6 41. Qa5 Qd4 42. Qa3 Kh7 43. Qd3 Qxb2+ 44. Kf1 Qxb4 45. Qd7 Qc4+ 46. Kg2 Kg7
47. Nd3 Rd6 0-1

[Event "Campeonato de España por Equip"]
[Site "Burguillos"]
[Date "2009.08.06"]
[Round "3"]
[White "Cabrera Ruiz, Luis"]
[Black "Lorenzo Grande, Jorge"]
[Result "1-0"]
[WhiteElo "2168"]
[BlackElo "2022"]
[PlyCount "123"]
[EventDate "2009.08.05"]
[EventType "team"]
[EventRounds "6"]
[EventCountry "ESP"]
[WhiteTeam "C.A. CAJAGRANADA (-2)"]
[BlackTeam "C. ATENEO CACEREÑO 2016"]

1. e4 e5 2. Nf3 Nf6 3. Nc3 Bb4 4. Bc4 d6 5. d3 c6 6. O-O Bg4 7. Qe2 Nbd7 8. a3
Bxc3 9. bxc3 d5 10. Bb3 O-O 11. h3 Bh5 12. exd5 Nxd5 13. c4 Bxf3 14. Qxf3 Nc7
15. Qg3 Ne6 16. c3 Qf6 17. Re1 Rfe8 18. Bd2 Rad8 19. Bc2 Nf4 20. d4 Ne6 21. Re2
exd4 22. Rae1 Ndf8 23. Bg5 Nxg5 24. Rxe8 Nge6 25. Rxd8 Qxd8 26. cxd4 Qxd4 27.
Qd3 Qc5 28. Bd1 Nf4 29. Qe4 N4e6 30. Re3 Nd7 31. Bg4 Nf6 32. Qd3 Nf8 33. Be2
Ne6 34. Bf1 h6 35. g3 a6 36. Be2 b5 37. Qc3 Nd4 38. Bf1 Qa7 39. c5 Ne6 40. Bg2
Qc7 41. Qe5 Qxe5 42. Rxe5 Nd7 43. Re1 Ndxc5 44. Bxc6 Nd4 45. Re8+ Kh7 46. Bd5
Kg6 47. Rd8 Ne2+ 48. Kf1 Nc3 49. Rc8 N3a4 50. Bf3 Ne6 51. Rc6 a5 52. Bd5 Kf6
53. Bxe6 fxe6 54. Ra6 Nb2 55. Rxa5 Nc4 56. Ra7 g6 57. Ke2 Ke5 58. Kd3 Kd5 59.
Kc3 Kc5 60. Rc7+ Kd5 61. Rxc4 bxc4 62. a4 1-0

[Event "Campeonato de España por Equip"]
[Site "Burguillos"]
[Date "2009.08.06"]
[Round "3"]
[White "Perez Gonzalez, David"]
[Black "Jimenez Bernal, Francisco"]
[Result "0-1"]
[WhiteElo "1874"]
[BlackElo "2107"]
[PlyCount "106"]
[EventDate "2009.08.05"]
[EventType "team"]
[EventRounds "6"]
[EventCountry "ESP"]
[WhiteTeam "C. ATENEO CACEREÑO 2016"]
[BlackTeam "C.A. CAJAGRANADA (-2)"]

1. d4 Nf6 2. Bg5 e6 3. Nf3 h6 4. Bh4 d6 5. e3 g5 6. Bg3 Nh5 7. Be2 Bg7 8. Nfd2
Nxg3 9. hxg3 Nd7 10. c3 Qe7 11. Qc2 c6 12. Nb3 e5 13. N1d2 d5 14. dxe5 Nxe5 15.
Nf3 Nxf3+ 16. Bxf3 Bd7 17. Nd4 g4 18. Be2 Qe5 19. Bd3 c5 20. Nf5 Bf6 21. Rh5
Bg5 22. Nh4 d4 23. Bf5 dxe3 24. Bxd7+ Kxd7 25. Qf5+ Qxf5 26. Nxf5 exf2+ 27.
Kxf2 Ke6 28. Ne3 f5 29. Re1 Kf6 30. Nd5+ Kg6 31. Rhh1 Rae8 32. Nc7 Rxe1 33.
Rxe1 Rd8 34. Re2 c4 35. Nb5 Bf6 36. Na3 Rc8 37. Rd2 a6 38. Rd6 Kg5 39. Rd5 b5
40. Nc2 Rd8 41. Nb4 a5 42. Rxd8 Bxd8 43. Nd5 h5 44. Ke2 h4 45. gxh4+ Kxh4 46.
Kf2 Kg5 47. Ke3 f4+ 48. Nxf4 Kf5 49. Ne2 Bb6+ 50. Nd4+ Ke5 51. g3 b4 52. a3
bxa3 53. bxa3 a4 0-1

[Event "Campeonato de España por Equip"]
[Site "Burguillos"]
[Date "2009.08.06"]
[Round "3"]
[White "Cuesta Bustos, Raul"]
[Black "Elviro Vivas, Fernando"]
[Result "1-0"]
[WhiteElo "2076"]
[BlackElo "1750"]
[PlyCount "95"]
[EventDate "2009.08.05"]
[EventType "team"]
[EventRounds "6"]
[EventCountry "ESP"]
[WhiteTeam "C.A. CAJAGRANADA (-2)"]
[BlackTeam "C. ATENEO CACEREÑO 2016"]

1. e4 c5 2. d4 cxd4 3. c3 Nf6 4. e5 Nd5 5. Nf3 d6 6. cxd4 g6 7. Bc4 dxe5 8.
dxe5 e6 9. O-O Bg7 10. Qe2 O-O 11. Rd1 Qc7 12. Na3 Nb6 13. Bb3 Bd7 14. Bf4 a6
15. Rac1 Nc6 16. Qe3 Rad8 17. Bg5 Rc8 18. Be7 Nd5 19. Bxd5 exd5 20. Bxf8 Bxf8
21. Rxd5 Be6 22. Rdd1 Re8 23. Nc4 Bxc4 24. Rxc4 Bg7 25. Re4 Re6 26. Re1 h6 27.
Nd4 Nxd4 28. Qxd4 Kh7 29. f4 Bf8 30. Kh1 Bc5 31. Qd3 a5 32. Rc4 Qe7 33. a3 b5
34. Rc2 b4 35. Qd5 Ba7 36. Qxa5 bxa3 37. Qxa3 Qd7 38. Qc3 Kg7 39. b4 Bd4 40.
Qd3 Qa7 41. b5 g5 42. Rd1 Be3 43. Rc6 Bxf4 44. Rxe6 fxe6 45. Qd7+ Qxd7 46.
Rxd7+ Kg6 47. b6 Bxe5 48. b7 1-0

[Event "Campeonato de España por Equip"]
[Site "Burguillos"]
[Date "2009.08.06"]
[Round "3"]
[White "Jimenez Martinez, Jose Vicente"]
[Black "Baigorri Navarro, Fco  Javier"]
[Result "1-0"]
[WhiteElo "2235"]
[BlackElo "2199"]
[PlyCount "29"]
[EventDate "2009.08.05"]
[EventType "team"]
[EventRounds "6"]
[EventCountry "ESP"]
[WhiteTeam "C.D. AJEDREZ LAPUERTA"]
[BlackTeam "C.A. PUEBLO NUEVO"]

1. d4 d5 2. c4 c6 3. Nf3 Nf6 4. Nc3 dxc4 5. a4 Bf5 6. e3 e6 7. Bxc4 Bb4 8. O-O
O-O 9. Qb3 Qe7 10. Nh4 Bg6 11. Nxg6 hxg6 12. e4 a5 13. e5 Nd5 14. Ne4 Nb6 15.
Qh3 1-0

[Event "Campeonato de España por Equip"]
[Site "Burguillos"]
[Date "2009.08.06"]
[Round "3"]
[White "Nieto De La Cruz, Julio"]
[Black "Lara Lopez, Jose"]
[Result "1-0"]
[WhiteElo "2132"]
[BlackElo "2203"]
[PlyCount "155"]
[EventDate "2009.08.05"]
[EventType "team"]
[EventRounds "6"]
[EventCountry "ESP"]
[WhiteTeam "C.A. PUEBLO NUEVO"]
[BlackTeam "C.D. AJEDREZ LAPUERTA"]

1. d4 {[%emt 0:00:00]} Nc6 2. d5 Ne5 3. c4 e6 4. e4 Nf6 5. Nc3 Bc5 6. Be2 d6 7.
Nf3 Neg4 8. Rf1 exd5 9. cxd5 Qe7 10. Qc2 O-O 11. Bg5 h6 12. Bh4 Bb4 13. h3 Qxe4
14. Qd2 Bxc3 15. bxc3 Nh2 16. Bxf6 Nxf1 17. Kxf1 Bf5 18. Bh4 a6 19. Rd1 Rfe8
20. Bg3 Re7 21. Bf4 Rae8 22. Be3 b5 23. Qd4 Qc2 24. Qd2 Qe4 25. Qd4 c5 26. dxc6
Qxc6 27. Qd5 Qc8 28. Qd2 d5 29. Nd4 Be4 30. Bg4 Qc4+ 31. Be2 Qc7 32. Bf4 Qd7
33. Bg4 f5 34. Bh5 g6 35. Be2 g5 36. Bh2 f4 37. Bh5 Rf8 38. Bg4 Qd6 39. Be2
Ref7 40. f3 Bg6 41. Bd3 Re8 42. Bg1 Rc7 43. Nb3 Bf7 44. Bd4 h5 45. Bc2 Re6 46.
Bf2 Qe5 47. Nd4 Rf6 48. Ne2 Rh6 49. Bb3 Rd7 50. Qd4 Qf5 51. Qd3 Qf6 52. Qd4 Qf5
53. Qd2 Qf6 54. Bd4 Qd6 55. h4 g4 56. Qxf4 gxf3 57. gxf3 Qe6 58. Kf2 Re7 59.
Ng3 Rg6 60. Bc2 Qh3 61. Rh1 Qe6 62. Bxg6 Bxg6 63. Qf6 Qxf6 64. Bxf6 Rc7 65. f4
Rc4 66. Ke3 Ra4 67. Ra1 Ra3 68. Kd2 b4 69. f5 Bf7 70. Ne2 b3 71. Kc1 Ra5 72.
Nd4 bxa2 73. Kb2 Be8 74. Rxa2 Rxa2+ 75. Kxa2 Kf7 76. Bg5 Ba4 77. Ka3 Bd1 78.
Kb4 1-0